000 00603nam a2200217 a 4500
005 20140310183309.0
008 050907s19uu xx 00 eng d
020 _a0534408605
050 _aQD 31.2
_b.W53 2004
100 _aWhitten, Kenneth W.
245 _aGeneral chemistry /
_cKenneth W. Whitten.
250 _a7th ed.
260 _aAustralia :
_bThomson Brooks/Cole,
_c2004.
300 _aI-271132 p. :
_bcol. ill. ;
_c27 cm.
650 _aChemistry.
700 _aDavis, Raymond E.
700 _aPeck, Larry M.
700 _aStanley, George G.
942 _cBK
_2lcc
_kFOR
999 _c21117
_d21117